000 01247nam a22002297a 4500
003 JO-AjAnu
005 20240605133807.0
008 231213b jo ||||| |||| 00| 0 ara d
040 _aJO-AjAnu
_bara
_cJO-AjAnu
_dJO-AjAnu
_erda
041 0 _aara
_hara
050 _aBP173.755
_b2021
100 1 _aالعنانزه، محمد حسين
_965029
_eمعد
245 0 _aالتوثيق الالكتروني واثره على الاستقرار المعاملات في المصارف الاسلامية الاردنية = Electronic Documentation and its impact onTransaction Stability in Jordanian Islamic Banks /
_cاعداد محمد حسين العنانزه؛ اشراف قاسم ابو عيد
260 _c2021
300 _a185 ورقة
500 _aرسالة جامعية (رسالة ماجستير) .- جامعة عجلون الوطنية (عجلون،الاردن)، كلية الاعمال، قسم المصارف الاسلامية، 2021.
501 _aتحتوي على ملاحق
504 _aتحتوي على مراجع باللغتين العربية والانجليزية
650 4 0 _aالمصارف الاسلامية-الاردن.
_965031
700 1 _aابو عيد، قاسم
_965032
_eمشرف
942 _2lcc
_cTHS
_n0
999 _c33304
_d33304